00821nam a2200229 i 4500003000900000005001700009007000300026008004100029040003000070041000800100082002000108100004900128245004800177250002300225264007200248300002700320336002700347337003400374338002800408500006300436505009200499DO-SdBNP20251007121617.0ta251006b2006 dr ||||| |||| 00| 0 spa d aDO-SdBNPbspacBNPHUerda aspa 4axxxbB142c 2221 aBáez Guerrero, José,d1958-eautor4aut.13aLa corrupción / cJosé Báez Guerrero. aPrimera edición  aSanto Domingo, República Dominicana : bEditora Montalvo,c2006. a21 páginas ;c21 cm. atextobtxt2rdacontent asin mediación bn2rdamedia avolumenbnc2rdacarrier aIncluye datos biográficos del autor en la contracubierta aExplicación, 9 -- La corrupción, 11 -- Carta de rotarios, 19 -- Sobre el autor, 21